Statistics for Most Anti-US Countries in the United Nations

Click here to take the quiz!

General Stats

  • This quiz has been taken 190 times
  • The average score is 5 of 10

Answer Stats

% anti-US votesCountry% Correct
96.7North Korea
88%
94.4Iraq
80%
92.6Cuba
64%
94Vietnam
52%
95Laos
46%
92.8Saudi Arabia
45%
93.5Congo
32%
94.2Turkmenistan
19%
92.9Bhutan
18%
92.8Zimbabwe
15%

Score Distribution

Percentile by Number Answered

Percent of People with Each Score

Your Score History

You have not taken this quiz